|
|
|
|
| LEADER |
03954nam a2200469 a 4500 |
| 001 |
8728 |
| 003 |
BD-DhAAL |
| 005 |
20250723161429.0 |
| 008 |
170422s2007 nyu 000 1 eng |
| 010 |
|
|
|a 2007008679
|
| 020 |
|
|
|a 9780747582793
|
| 020 |
|
|
|a 9781594489501 (alk. paper)
|
| 020 |
|
|
|a 978074585893
|
| 020 |
|
|
|a 9780747593775 (Export paper back)
|
| 020 |
|
|
|a 9781408844441
|
| 040 |
|
|
|a DLC
|c DLC
|d DLC
|d BD-DhAAL
|
| 050 |
0 |
0 |
|a PS3608.O832
|b T56 2007
|
| 082 |
0 |
0 |
|a 813.6
|2 23
|
| 100 |
1 |
|
|a Hosseini, Khaled.
|9 21269
|
| 245 |
1 |
2 |
|a A thousand splendid suns /
|c Khaled Hosseini.
|
| 260 |
|
|
|a New York :
|b Riverhead Books ;
|a London :
|b Bloomsbury Publishing,
|c c2007, 2013.
|
| 300 |
|
|
|a 372 pages,
|a 419 pages ;
|c 22 cm.
|c 24 cm.
|
| 541 |
|
|
|a Donated by Rebecca Dipa Khan
Donated by Farhana Zahir (Assistant Professor, BBS, BRAC University)
|e 8728, 28599, 42304, 44509
|
| 650 |
|
0 |
|a Families
|v Fiction.
|9 21270
|
| 651 |
|
0 |
|a Afghanistan
|v Fiction.
|9 21271
|
| 852 |
|
|
|a Ayesha Abed Library
|
| 942 |
|
|
|2 ddc
|c BK
|
| 999 |
|
|
|c 38082
|d 38082
|
| 952 |
|
|
|0 0
|1 0
|2 ddc
|4 0
|6 813_600000000000000_HOS
|7 0
|9 44108
|a BRACUL
|b BRACUL
|c GEN
|d 2014-11-19
|e BRAC Institute of Language (BIL)
|l 21
|m 112
|o 813.6 HOS
|p 3010028599
|q 2026-06-02
|r 2026-02-22
|s 2026-02-22
|t 12
|w 2014-11-19
|y BK
|x Transferred from BIL to BRACUL on 06/06/22
|
| 952 |
|
|
|0 0
|1 0
|2 ddc
|4 0
|6 813_000000000000000__6_HOS
|7 0
|9 60430
|a SCL
|b SCL
|c GEN
|d 2017-04-22
|e Tajin Boi Ghar
|g 100.00
|l 19
|m 57
|o 813.6 HOS
|p 3020008728
|r 2025-07-07
|s 2025-06-24
|t 1
|w 2017-04-22
|y BK
|
| 952 |
|
|
|0 0
|1 0
|2 ddc
|4 0
|6 813_000000000000000__6_HOS
|7 0
|9 60431
|a SCL
|b SCL
|c GEN
|d 2017-04-22
|e Tajin Boi Ghar
|g 100.00
|l 12
|m 63
|o 813.6 HOS
|p 3020008894
|r 2022-04-03
|s 2022-03-27
|t 2
|w 2017-04-22
|y BK
|
| 952 |
|
|
|0 0
|1 0
|2 ddc
|4 0
|6 813_000000000000000__6_HOS
|7 0
|9 60432
|a SCL
|b SCL
|c GEN
|d 2017-04-22
|e Tajin Boi Ghar
|g 100.00
|l 10
|m 34
|o 813.6 HOS
|p 3020008895
|r 2025-09-01
|s 2025-08-27
|t 3
|w 2017-04-22
|y BK
|
| 952 |
|
|
|0 0
|1 0
|2 ddc
|4 0
|6 813_000000000000000__6_HOS
|7 0
|9 60433
|a SCL
|b SCL
|c GEN
|d 2017-04-22
|e Tajin Boi Ghar
|g 100.00
|l 13
|m 47
|o 813.6 HOS
|p 3020008896
|r 2023-11-25
|s 2023-11-19
|t 4
|w 2017-04-22
|y BK
|
| 952 |
|
|
|0 0
|1 0
|2 ddc
|4 0
|6 813_000000000000000__6_HOS
|7 0
|9 60434
|a SCL
|b SCL
|c GEN
|d 2017-04-22
|e Tajin Boi Ghar
|g 100.00
|l 12
|m 64
|o 813.6 HOS
|p 3020008897
|r 2020-03-10
|s 2020-01-17
|t 5
|w 2017-04-22
|y BK
|
| 952 |
|
|
|0 0
|1 0
|2 ddc
|4 0
|6 813_000000000000000__6_HOS
|7 0
|9 60435
|a SCL
|b SCL
|c GEN
|d 2017-04-22
|e Tajin Boi Ghar
|g 100.00
|l 13
|m 53
|o 813.6 HOS
|p 3020008893
|r 2025-08-16
|s 2025-08-13
|t 6
|w 2017-04-22
|y BK
|
| 952 |
|
|
|0 0
|1 0
|2 ddc
|4 0
|6 813_000000000000000__6_HOS
|7 0
|9 61150
|a SCL
|b SCL
|c GEN
|d 2017-09-13
|e Tajin Boi Gar
|g 120.00
|l 16
|m 58
|o 813.6 HOS
|p 3020009223
|r 2025-07-07
|s 2025-07-03
|t 7
|w 2017-09-13
|y BK
|
| 952 |
|
|
|0 0
|1 0
|2 ddc
|4 0
|6 813_000000000000000__6_HOS
|7 0
|9 61151
|a SCL
|b SCL
|c GEN
|d 2017-09-13
|e Tajin Boi Gar
|g 120.00
|l 15
|m 62
|o 813.6 HOS
|p 3020009224
|r 2025-09-08
|s 2025-08-24
|t 8
|w 2017-09-13
|y BK
|
| 952 |
|
|
|0 0
|1 0
|2 ddc
|4 0
|6 813_000000000000000__6_HOS
|7 0
|9 61152
|a SCL
|b SCL
|c GEN
|d 2017-09-13
|e Tajin Boi Gar
|g 120.00
|l 2
|m 10
|o 813.6 HOS
|p 3020009225
|r 2018-04-01
|s 2018-01-15
|t 9
|w 2017-09-13
|y BK
|
| 952 |
|
|
|0 0
|1 0
|2 ddc
|4 0
|6 813_000000000000000__6_HOS
|7 0
|9 61153
|a SCL
|b SCL
|c GEN
|d 2017-09-13
|e Tajin Boi Gar
|g 120.00
|l 11
|m 44
|o 813.6 HOS
|p 3020009226
|r 2023-06-21
|s 2023-05-28
|t 10
|w 2017-09-13
|y BK
|
| 952 |
|
|
|0 0
|1 0
|2 ddc
|4 0
|6 813_000000000000000__6_HOS
|7 0
|9 61154
|a SCL
|b SCL
|c GEN
|d 2017-09-13
|e Tajin Boi Gar
|g 120.00
|l 16
|m 45
|o 813.6 HOS
|p 3020009227
|r 2025-10-29
|s 2025-10-23
|t 11
|w 2017-09-13
|y BK
|
| 952 |
|
|
|0 0
|1 0
|2 ddc
|4 0
|6 813_600000000000000_HOS
|7 0
|9 75176
|a BRACUL
|b BRACUL
|c GEN
|d 2024-02-22
|e Donated By Rebecca Dipa Khan
|g 2844.00
|l 12
|m 41
|o 813.6 HOS
|p 3010042304
|q 2026-06-02
|r 2026-05-17
|s 2026-05-17
|t 13
|w 2024-02-22
|y BK
|x USD 25.95
|
| 952 |
|
|
|0 0
|1 0
|2 ddc
|4 0
|6 813_600000000000000_HOS
|7 0
|9 77899
|a BRACUL
|b BRACUL
|c NEW
|d 2025-07-23
|e Donated by Farhana Zahir (Assistant Professor, BBS.)
|l 5
|m 26
|o 813.6 HOS
|p 3010044509
|q 2026-06-02
|r 2026-05-20
|s 2026-05-20
|t 13
|w 2025-07-23
|y BK
|x Donated by Farhana Zahir, Assistant Professor, BBS, BRAC University ; ₹599.00
|